000 00393nam a22001697a 4500
005 20160617155836.0
008 160617b xxu||||| |||| 00| 0 eng d
020 _a81-204-0104-2
041 _aeng
082 _b8021
100 _aVerma, Pramod
_92139
245 _aManagement of Industrial Relations
260 _bOxford & IBH
300 _a517
650 _aManagement
_9241
942 _cBK
999 _c2990
_d2989